00341nam a22001337a 4500008004100000020001800041082001200059100001900071245001700090250001400107260003000121300000800151650004800159200318b ||||| |||| 00| 0 eng d a9788131248850 a572 SAB aSatyanaryan, U aBiochemistry a5thb2019 aNew DelhibElsevier India a777 aApplied Biochemistry and clinical chemistry